Gemeinden von Scheibbs - Statistiken

Allgemein
  • Dieses Quiz wurde 279 mal gespielt
  • Das Durchschnittsergebnis liegt bei 12 aus 18
Antworten auf der Karte
Die Antworten werden auf der Karte rot bzw. grün angezeigt, abhängig davon wie oft sie richtig erraten wurden.
 
Antwortstatistiken
Einwohner Gemeinde % Korrekt
4.132 Scheibbs
99%
3.059 Gaming
89%
4.193 Wieselburg
89%
3.379 Wieselburg-Land
89%
5.350 Purgstall an der Erlauf
82%
1.948 Gresten
81%
1.508 Gresten-Land
81%
1.779 Lunz am See
79%
2.052 Göstling an der Ybbs
71%
1.342 St. Georgen an der Leys
59%
2.266 Steinakirchen am Forst
58%
2.982 Oberndorf an der Melk
56%
1.363 Wang
56%
1.199 St. Anton an der Jeßnitz
53%
1.892 Randegg
52%
300 Puchenstuben
51%
1.039 Reinsberg
51%
1.620 Wolfpassing
48%
Keine übereinstimmenden Quizze gefunden
Verteilung der Resultate
Anzahl Personen mit jedem Resultat
Perzentil nach korrekt beantworteten Fragen
Ihre Resultats-Entwicklung
Sie haben dieses Quiz noch nicht gespielt